000 00794nas a2200301 4500
001 BR8900813
003 BR-BrBNA
005 20231205091439.0
007 ta
008 230509b bl.|||p| |||| 00| 00por d
040 _aBR-BrBNA
_bpor
_cBiblioteca Nacional de Agricultura
041 _a(Pt)
072 _aJ10
100 1 _aEbert, A.
100 1 _aBender, R.
245 1 _aArmazenamento bons lucros [maca]
650 _aMACA
650 _aARMAZENAMENTO DE ALIMENTO
650 _aRESFRIAMENTO
650 _aPRESERVACAO DE ALIMENTO
650 _aOFERTA
650 _aMERCADO
650 _aPRECO
650 _aLUCRO
773 0 _tToda Fruta (Brazil)
_xISSN 0102-7166
_g(Dec 1987), v. 2(19) p. 6-9
_wBR8900813
909 _a202311
_bLúcia
_c55
_dLúcia Elande
942 _2AGRIS
_n0
_cANA
999 _c125148
_d125148